000 00436nam a2200169Ia 4500
008 180207s9999 xx 000 0 und d
020 _a307122670
050 _bH845 1982
100 _aHover, M.
245 _aHere comes Santa Claus /
245 _cM. Hover ; illustrated by Christopher Santoro /
260 _aWisconsin :
260 _bGolden Sturdy,
260 _c1982
300 _aunpaged :
300 _bcolor illustration ;
999 _c355042
_d355042